[Event "TUR-ch U13/18"]
[Site "Antalya"]
[Date "2023.01.23"]
[Round "3"]
[White "Turkmen, Yusuf Cagan"]
[Black "Seyhan, Ilkin Murat"]
[Result "1/2-1/2"]
[WhiteElo "1943"]
[BlackElo "1213"]
[PlyCount "80"]
[EventDate "2023.01.17"]
[EventType "swiss"]
[EventRounds "10"]
[EventCountry "TUR"]
[SourceTitle "EXT 2024"]
[Source "ChessBase"]
[SourceDate "2023.10.10"]
[SourceVersion "1"]
[SourceVersionDate "2023.10.10"]
[SourceQuality "1"]

1. Nf3 d5 2. b3 c5 3. e3 Nc6 4. Bb2 Bg4 5. Bb5 e6 6. h3 Bh5 7. Bxc6+ bxc6 8. 0-0 Nf6 9. d3 Bd6 10. Nbd2 0-0 11. e4 Nd7 12. Re1 Qc7 13. e5 Be7 14. Qe2 Rae8 15. Nf1 f6 16. g4 Bf7 17. Ng3 d4 18. exf6 Bxf6 19. Ne4 Bg6 20. Bc1 h6 21. Kg2 Be7 22. Rf1 Nb6 23. Nfd2 Nd5 24. Nc4 Bg5 25. Nxg5 hxg5 26. Bxg5 e5 27. f3 Re6 28. Qd2 Nf4+ 29. Bxf4 exf4 30. Rae1 Re3 31. Nxe3 fxe3 32. Qe2 Rf4 33. Rb1 a5 34. a3 Bf7 35. Qe1 Bd5 36. Qg3 Qe5 37. Rbe1 g5 38. Re2 Qf6 39. Ree1 Qe5 40. Re2 Qf6 1/2-1/2

[Event "EU-ch Online U12"]
[Site "Tornelo INT"]
[Date "2020.09.18"]
[Round "1"]
[White "Elias, David"]
[Black "Turkmen, Yusuf Cagan"]
[Result "0-1"]
[WhiteElo "1460"]
[BlackElo "1877"]
[PlyCount "64"]
[EventDate "2020.09.18"]
[EventType "swiss (rapid)"]
[EventRounds "9"]
[EventCountry "NET"]
[SourceTitle "EXT 2023"]
[Source "ChessBase"]
[SourceDate "2022.10.05"]
[SourceVersion "1"]
[SourceVersionDate "2022.10.05"]
[SourceQuality "1"]
[WhiteTeam "Slovakia"]
[BlackTeam "Turkey"]
[WhiteTeamCountry "SVK"]
[BlackTeamCountry "TUR"]

1. d4 Nf6 2. c4 g6 3. Nc3 Bg7 4. e4 d6 5. Nf3 0-0 6. h3 e5 7. d5 a5 8. Be3 Na6 9. g4 Nd7 10. Be2 Ndc5 11. Nd2 Bf6 12. Qc2 Bg5 13. Nf3 Bxe3 14. fxe3 Bd7 15. 0-0-0 Nb4 16. Qb1 c6 17. Rdg1 cxd5 18. exd5 Qb6 19. h4 Ncd3+ 20. Kd2 Nf2 21. Rh2 Nxg4 22. Rxg4 Bxg4 23. Rg2 Bxf3 24. Bxf3 f5 25. h5 Kf7 26. hxg6+ hxg6 27. Qg1 Rg8 28. Rf2 Rac8 29. e4 Qd4+ 30. Kc1 Nd3+ 31. Kb1 Qxf2 32. Qh1 Qxb2# 0-1

[Event "EU-ch Online U12"]
[Site "Tornelo INT"]
[Date "2020.09.18"]
[Round "2"]
[White "Turkmen, Yusuf Cagan"]
[Black "Tolmacevs, Artjoms"]
[Result "1-0"]
[WhiteElo "1877"]
[BlackElo "1730"]
[PlyCount "39"]
[EventDate "2020.09.18"]
[EventType "swiss (rapid)"]
[EventRounds "9"]
[EventCountry "NET"]
[SourceTitle "EXT 2023"]
[Source "ChessBase"]
[SourceDate "2022.10.05"]
[SourceVersion "1"]
[SourceVersionDate "2022.10.05"]
[SourceQuality "1"]
[WhiteTeam "Turkey"]
[BlackTeam "Latvia"]
[WhiteTeamCountry "TUR"]
[BlackTeamCountry "LAT"]

1. d4 Nf6 2. Bf4 c5 3. e3 e6 4. c3 Be7 5. Nd2 0-0 6. Bd3 d5 7. Ngf3 Nc6 8. Ne5 Nxe5 9. dxe5 Nd7 10. Nf3 b6 11. h4 a5 12. Bxh7+ Kxh7 13. Ng5+ Bxg5 14. hxg5+ Kg6 15. Qh5+ Kf5 16. Qh7+ g6 17. Qh3+ Ke4 18. Qf3+ Kd3 19. e4+ Kc4 20. Qe2# 1-0

[Event "TUR-chT 2nd League"]
[Site "Konya"]
[Date "2019.07.26"]
[Round "7.4"]
[White "Turkmen, Yusuf Cagan"]
[Black "Aydogdu, Cagatay"]
[Result "0-1"]
[WhiteElo "1796"]
[BlackElo "1845"]
[PlyCount "98"]
[EventDate "2019.07.22"]
[EventType "team-swiss"]
[EventRounds "9"]
[EventCountry "TUR"]
[SourceTitle "CBM 191 Extra"]
[Source "ChessBase"]
[SourceDate "2019.09.30"]
[SourceVersion "1"]
[SourceVersionDate "2019.09.30"]
[SourceQuality "1"]
[WhiteTeam "Seyhan Belediye"]
[BlackTeam "Marmara Universitesi"]
[WhiteTeamCountry "TUR"]
[BlackTeamCountry "TUR"]

1. d4 g6 2. e4 c6 3. Nc3 d5 4. Nf3 Bg7 5. h3 dxe4 6. Nxe4 Nf6 7. Bd3 Bf5 8. Qe2 Nxe4 9. Bxe4 Bxe4 10. Qxe4 Qd5 11. Qd3 Na6 12. Be3 0-0 13. 0-0 Rad8 14. Rad1 Qxa2 15. c4 Qa5 16. Qe4 Rfe8 17. Bd2 Qf5 18. Qe3 Nc7 19. Bc3 h5 20. Rd2 Kh7 21. Ng5+ Kg8 22. Nf3 Ne6 23. d5 cxd5 24. Bxg7 Kxg7 25. Rfd1 dxc4 26. Rxd8 Nxd8 27. Qxa7 e5 28. Qa4 Qe6 29. Nd2 Nc6 30. Qxc4 Qd6 31. Qc1 Rd8 32. Qc2 Qd5 33. Kf1 Qb5+ 34. Ke1 Rd4 35. Nf3 Nb4 36. Qe2 Rxd1+ 37. Qxd1 Nd3+ 38. Kf1 Nxb2+ 39. Qe2 Qxe2+ 40. Kxe2 Kf6 41. Kd2 Nc4+ 42. Kc3 Nd6 43. Nd2 Ke6 44. Kb4 Kd5 45. Nf1 b6 46. h4 Kd4 47. Ne3 f5 48. Nc2+ Kd3 49. Ne3 Ke2 0-1

[Event "TUR-chT 2nd League"]
[Site "Konya"]
[Date "2019.07.22"]
[Round "1.4"]
[White "Turkmen, Yusuf Cagan"]
[Black "Altundal, Arda"]
[Result "1-0"]
[WhiteElo "1796"]
[BlackElo "1707"]
[PlyCount "76"]
[EventDate "2019.07.22"]
[EventType "team-swiss"]
[EventRounds "9"]
[EventCountry "TUR"]
[SourceTitle "CBM 191 Extra"]
[Source "ChessBase"]
[SourceDate "2019.09.30"]
[SourceVersion "1"]
[SourceVersionDate "2019.09.30"]
[SourceQuality "1"]
[WhiteTeam "Seyhan Belediye"]
[BlackTeam "Corum Belediye"]
[WhiteTeamCountry "TUR"]
[BlackTeamCountry "TUR"]

1. d4 Nf6 2. Bf4 e6 3. e3 d5 4. Nd2 c5 5. c3 Nc6 6. Ngf3 Bd6 7. Bg3 0-0 8. Bd3 h6 9. Ne5 Bxe5 10. dxe5 Nd7 11. f4 c4 12. Bc2 Qb6 13. Rb1 Qxe3+ 14. Qe2 Qxe2+ 15. Kxe2 b5 16. Bf2 Ba6 17. Rhd1 b4 18. Ba4 Rfc8 19. Ne4 Nb6 20. Bxb6 axb6 21. Nd6 Rc7 22. Bxc6 Rxc6 23. Ke3 Bc8 24. cxb4 c3 25. Rbc1 Rxa2 26. Rxc3 Rxc3+ 27. bxc3 Bd7 28. Rd2 Ra1 29. Kd4 Ra4 30. Rb2 Kf8 31. c4 Bc6 32. Nc8 b5 33. Nb6 Ra1 34. Kc5 Bb7 35. Kxb5 Ba6+ 36. Kc6 Bxc4 37. b5 Rc1 38. Kd7 d4 1-0

[Event "EU-ch U10 28th"]
[Site "Riga"]
[Date "2018.08.20"]
[Round "1"]
[White "Zoncu, Roberto Alessio"]
[Black "Turkmen, Yusuf Cagan"]
[Result "0-1"]
[WhiteElo "1398"]
[BlackElo "1820"]
[PlyCount "40"]
[EventDate "2018.08.20"]
[EventType "swiss"]
[EventRounds "9"]
[EventCountry "LAT"]
[SourceTitle "CBM 186 Extra"]
[Source "ChessBase"]
[SourceDate "2018.08.24"]
[SourceVersion "1"]
[SourceVersionDate "2018.08.24"]
[SourceQuality "1"]

1. d4 Nf6 2. Bf4 g6 3. e3 Bg7 4. Nf3 0-0 5. Bd3 d6 6. c3 Nc6 7. Nbd2 Nd7 8. 0-0 e5 9. Bg5 Qe8 10. Re1 h6 11. Bh4 f5 12. e4 f4 13. Bc4+ Kh8 14. Nb3 Nb6 15. Bb5 a6 16. Bd3 g5 17. d5 Nd8 18. Bxg5 hxg5 19. Nxg5 Qg6 20. h4 Bf6 0-1